Research methods for political science: quantitative, qualitative and mixed methods approaches (Record no. 1218899)

MARC details
000 -LEADER
fixed length control field 00668nam a2200217Ia 4500
008 - FIXED-LENGTH DATA ELEMENTS--GENERAL INFORMATION
fixed length control field 241004s9999 xx 000 0 und d
020 ## - INTERNATIONAL STANDARD BOOK NUMBER
International Standard Book Number 9780367610784
037 ## - SOURCE OF ACQUISITION
Stock number Textbook
040 ## - CATALOGING SOURCE
Original cataloging agency ARTS
Language of cataloging eng
Transcribing agency ARTS
041 ## - LANGUAGE CODE
Language code of text/sound track or separate title eng
Source of code eng
084 ## - COLON CLASSIFICATION NUMBER
Classification number W:f R1
Assigning agency ARTS
100 ## - MAIN ENTRY--PERSONAL NAME
Personal name Mcnabb David E. Au.
9 (RLIN) 29775
245 ## - TITLE STATEMENT
Title Research methods for political science: quantitative, qualitative and mixed methods approaches
Statement of responsibility, etc. Mcnabb David E. Au.
250 ## - EDITION STATEMENT
Edition statement 3rd
260 ## - PUBLICATION, DISTRIBUTION, ETC.
Place of publication, distribution, etc. USA
Name of publisher, distributor, etc. New York Routledge
Date of publication, distribution, etc. 2022
300 ## - PHYSICAL DESCRIPTION
Extent ix,464p.
365 ## - TRADE PRICE
Price type code UKP
Price amount 54.99
650 ## - SUBJECT ADDED ENTRY--TOPICAL TERM
Topical term or geographic name entry element Political Science Research
9 (RLIN) 29298
942 ## - ADDED ENTRY ELEMENTS (KOHA)
Koha item type Textbook
Classification part W:f R1
Holdings
Withdrawn status Lost status Source of classification or shelving scheme Damaged status Not for loan Home library Current library Date acquired Source of acquisition Cost, normal purchase price Inventory number Total Checkouts Full call number Barcode Date last seen Date last checked out Price effective from Koha item type
    Colon Classification (CC)     Arts Library Arts Library 2024-12-05 Shivam Book Service 54.99 146 & 19/01/2023 2 W:f R1 AL1666957 2025-11-14 2025-10-10 2024-10-04 Textbook
Copyright @ Delhi University Library System